FC 24 TOTW 1 - Statistics

General Stats
  • This quiz has been taken 18 times
  • The average score is 8 of 18
Answer Stats
rat pos club player % Correct
TOTW 90 RW Liverpool Mohamed Salah
100%
TOTW 91 ST FC Barcelona Robert Lewandowski
100%
TOTW 87 ST AS Roma Paulo Dybala
77%
TOTW 85 CB Borussia Dortmund Mats Hummels
62%
TOTW 81 LW Manchester City Jérémy Doku
54%
TOTW 87 LB Paris Saint-Germain Féminine Sakina Karchaoui
46%
TOTW 84 LB Brighton & Hove Albion Tariq Lamptey
46%
TOTW 84 CM Inter Milan Henrikh Mkhitaryan
38%
TOTW 81 LM Galatasaray Muhammed Kerem Aktürkoğlu
38%
TOTW 81 ST OGC Nice Terem Moffi
38%
TOTW 81 LM Al Hilal Salem Al-Dawsari
31%
TOTW 81 ST VfB Stuttgart Serhou Guirassy
31%
TOTW 80 GK FC Metz Alexandre Oukidja
23%
TOTW 80 RB Royal Antwerp Jelle Bataille
23%
TOTW 80 CAM Fortuna Sittard Alen Halilović
15%
TOTW 81 RM Real Salt Lake Braian Ojeda
15%
TOTW 80 CAM Portimonense Carlinhos
15%
TOTW 80 ST Hertha Berlin Haris Tabaković
15%
No matching quizzes found
Score Distribution
Percent of People with Each Score
Percentile by Number Answered
Your Score History
You have not taken this quiz